[Event "Magistral Ciutat de Barcelona 2013"]
[Site "Barcelona ESP"]
[Date "????.??.??"]
[Round "3.4"]
[White "Narciso Dublan, Marc"]
[Black "Balogh, Csaba"]
[Result "1/2-1/2"]
[WhiteElo "2521"]
[BlackElo "2632"]
[PlyCount "84"]
[EventDate "2013.10.25"]
[EventType "tourn"]
[EventRounds "7"]
[EventCountry "ESP"]
[EventCategory "14"]
[Source "lmi"]
[SourceDate "2013.10.25"]

1. d4 d5 2. c4 c6 3. Nf3 Nf6 4. e3 Bg4 5. Qb3 Qb6 6. Ne5 Bf5 7. cxd5 Qxb3 8.
axb3 Nxd5 9. Bd3 Bxd3 10. Nxd3 e6 11. Bd2 Na6 12. Ke2 Nab4 13. Nxb4 Bxb4 14.
Bxb4 Nxb4 15. Nd2 a6 16. h4 f6 17. h5 Kf7 18. Ne4 Rhd8 19. Nd2 Rh8 20. Ne4 Rhd8
21. Rh3 Nd5 22. Nc5 b6 23. Nd3 a5 24. Rhh1 Ne7 25. g4 Rd5 26. b4 Rb8 27. bxa5
Rxa5 28. Rxa5 bxa5 29. Rc1 Rb5 30. Rc2 g6 31. hxg6+ hxg6 32. f4 g5 33. fxg5
Rxg5 34. Kf3 Rb5 35. Rh2 Nd5 36. e4 Nb4 37. Nc5 e5 38. Ke3 Kg6 39. Ne6 Kf7 40.
Nc5 Kg6 41. Ne6 Kf7 42. Nc5 Kg6 1/2-1/2